| 000 | 00835nam a22002537a 4500 | ||
|---|---|---|---|
| 001 | 0074 | ||
| 003 | DO-SdBNP | ||
| 005 | 20171214092150.0 | ||
| 007 | 0074 | ||
| 008 | 151116b sp 1990 xxu||||| |||| 00| 0 spa d | ||
| 020 | _a9788476005477 | ||
| 040 |
_aBPMSU _bspa _cBPMSU |
||
| 092 |
_axxxxxxxx _bxxxxxxxx |
||
| 100 | 1 | 0 | _aNancarrow, Peter |
| 240 | 1 | 0 | _aEarly china and the wall |
| 245 | 1 | 3 |
_aLa antigua china y la gran muralla / _cPeter Nancarrow ; traducción Miguel Martínez Lage ; traducción Miguel Martínez Lage ; revisión Pedro López Barja de Quiroga |
| 260 |
_aEspaña : _bAkal, _c1990. |
||
| 300 |
_a47 p. : _bil., map. _c20 cm. |
||
| 700 | 1 | 0 |
_aMartínez Lage, Miguel, _etr. |
| 700 | 1 | 0 |
_aBarja Quiroga, Pedro López, _erev. |
| 942 |
_2ddc _cBK |
||
| 945 | _ainventariado extranjero / DG | ||
| 956 | _aBrenda Tavárez | ||
| 999 |
_c8727 _d8727 |
||